|
|
|
|
| LEADER |
01706nam a22005417a 4500 |
| 001 |
30665 |
| 003 |
BD-DhAAL |
| 005 |
20151201191451.0 |
| 008 |
151021s2012 bg a|||| b||| 00| 0 eng d |
| 040 |
|
|
|a BD-DhAAL
|c BD-DhAAL
|
| 082 |
|
|
|2 22
|a 307.1412095492
|
| 999 |
|
|
|c 36337
|d 36337
|
| 999 |
|
|
|c 36144
|
| 999 |
|
|
|c 36142
|
| 999 |
|
|
|c 36126
|
| 999 |
|
|
|c 36126
|
| 999 |
|
|
|c 36126
|
| 999 |
|
|
|c 36014
|
| 999 |
|
|
|c 36014
|
| 999 |
|
|
|c 36013
|
| 999 |
|
|
|c 36013
|
| 999 |
|
|
|c 35961
|
| 999 |
|
|
|c 35934
|
| 999 |
|
|
|c 35934
|
| 999 |
|
|
|c 35923
|
| 999 |
|
|
|c 35916
|
| 999 |
|
|
|c 35910
|
| 999 |
|
|
|c 35910 | 35909 | 35869 | 35868 | 35864 | 35863
|
| 999 |
|
|
|c 35909
|
| 999 |
|
|
|c 35869
|
| 999 |
|
|
|c 35868
|
| 999 |
|
|
|c 35864
|
| 999 |
|
|
|c 35863
|
| 100 |
|
|
|a Qayum, Nayma
|9 16131
|
| 245 |
|
|
|a Rural organizations and active citizenship in Bangladesh :
|b evaluation of BRAC's Polli Shomaj /
|c Nayma Qayum
|
| 260 |
|
|
|a Dhaka :
|b Research and Evaluation Division, BRAC,
|c 2012
|
| 300 |
|
|
|a x, 70 p. :
|b ill. ;
|c 25 cm.
|
| 490 |
|
|
|a research monograph, series
|v 55
|
| 541 |
|
|
|e 30665
|
| 610 |
|
|
|a BRAC
|9 15610
|
| 650 |
|
|
|a Rural Development
|z Bangladesh
|9 15611
|
| 700 |
|
|
|a Khan, Ashrafuzzaman
|9 16131
|
| 700 |
|
|
|a Rahman, Rehnuma
|9 16132
|
| 710 |
|
|
|a BRAC
|9 15610
|
| 852 |
|
|
|a Ayesha Abed Library
|c BRAC Resource Section
|
| 942 |
|
|
|2 ddc
|c BK
|
| 952 |
|
|
|0 0
|1 0
|2 ddc
|4 0
|6 307_141209549200000_QAY
|7 0
|9 57139
|a BRACUL
|b BRACUL
|c BRS
|d 2015-12-01
|e BRAC
|l 0
|o 307.1412095492 QAY
|p 3010030665
|r 2015-12-01
|t 1
|w 2015-12-01
|y BK
|
| 952 |
|
|
|0 0
|1 0
|2 ddc
|4 0
|6 307_141209549200000_QAY
|7 0
|9 57141
|a BRACUL
|b BRACUL
|c BRS
|d 2015-12-01
|e BRAC
|l 0
|o 307.1412095492 QAY
|p 3010030666
|r 2015-12-01
|t 2
|w 2015-12-01
|y BK
|